<?xml version="1.0" encoding="UTF-8"?>
<record
    xmlns:xsi="http://www.w3.org/2001/XMLSchema-instance"
    xsi:schemaLocation="http://www.loc.gov/MARC21/slim http://www.loc.gov/standards/marcxml/schema/MARC21slim.xsd"
    xmlns="http://www.loc.gov/MARC21/slim">

  <leader>03318cam a2200337 a 4500</leader>
  <controlfield tag="003">EG-GiCUC</controlfield>
  <controlfield tag="005">20250223032430.0</controlfield>
  <controlfield tag="008">191103s2018    ua dho f m    000 0 eng d</controlfield>
  <datafield tag="040" ind1=" " ind2=" ">
    <subfield code="a">EG-GiCUC</subfield>
    <subfield code="b">eng</subfield>
    <subfield code="c">EG-GiCUC</subfield>
  </datafield>
  <datafield tag="041" ind1="0" ind2=" ">
    <subfield code="a">eng</subfield>
  </datafield>
  <datafield tag="049" ind1=" " ind2=" ">
    <subfield code="a">Deposite</subfield>
  </datafield>
  <datafield tag="097" ind1=" " ind2=" ">
    <subfield code="a">Ph.D</subfield>
  </datafield>
  <datafield tag="099" ind1=" " ind2=" ">
    <subfield code="a">Cai01.24.03.Ph.D.2018.Mo.E</subfield>
  </datafield>
  <datafield tag="100" ind1="0" ind2=" ">
    <subfield code="a">Mostafa Hamed Mostafa Kadry</subfield>
  </datafield>
  <datafield tag="245" ind1="1" ind2="0">
    <subfield code="a">Evaluation of combined use of fractional CO&#x2082; laser and platelet rich plasma in the treatment of vitiligo / </subfield>
    <subfield code="c">Mostafa Hamed Mostafa Kadry ; Supervised Hisham Aly Shokeir , Abeer Tawfik Attia</subfield>
  </datafield>
  <datafield tag="246" ind1="1" ind2="5">
    <subfield code="a">&#x62F;&#x631;&#x627;&#x633;&#x629; &#x645;&#x642;&#x627;&#x631;&#x646;&#x647; &#x644;&#x62A;&#x642;&#x64A;&#x64A;&#x645; &#x627;&#x633;&#x62A;&#x62E;&#x62F;&#x627;&#x645; &#x627;&#x644;&#x644;&#x64A;&#x632;&#x631; &#x627;&#x644;&#x645;&#x62A;&#x62C;&#x632;&#x626; &#x644;&#x62B;&#x627;&#x646;&#x649; &#x627;&#x643;&#x633;&#x64A;&#x62F; &#x627;&#x644;&#x643;&#x631;&#x628;&#x648;&#x646; &#x645;&#x639; &#x627;&#x644;&#x628;&#x644;&#x627;&#x632;&#x645;&#x627; &#x627;&#x644;&#x63A;&#x646;&#x64A;&#x629; &#x628;&#x627;&#x644;&#x635;&#x641;&#x627;&#x626;&#x62D; &#x627;&#x644;&#x62F;&#x645;&#x648;&#x64A;&#x629; &#x644;&#x639;&#x644;&#x627;&#x62C; &#x627;&#x644;&#x628;&#x647;&#x627;&#x642;</subfield>
  </datafield>
  <datafield tag="260" ind1=" " ind2=" ">
    <subfield code="a">Cairo : </subfield>
    <subfield code="b">Mostafa Hamed Mostafa Kadry , </subfield>
    <subfield code="c">2018</subfield>
  </datafield>
  <datafield tag="300" ind1=" " ind2=" ">
    <subfield code="a">155 P. : </subfield>
    <subfield code="b">charts , facsimiles , photographs ; </subfield>
    <subfield code="c">30cm</subfield>
  </datafield>
  <datafield tag="502" ind1=" " ind2=" ">
    <subfield code="a">Thesis (Ph.D.) - Cairo University - National Institute of Laser Enhanced Sciences - Department of Laser Application in Medical</subfield>
  </datafield>
  <datafield tag="520" ind1=" " ind2=" ">
    <subfield code="a">Purpose: The aim of this study was to assess the efficacy of PRP versus combined Fr: CO2 with PRP in the treatment of stable non segmental vitiligo (NSV) lesions. Patients and methods: This prospective randomized intrapatient comparative controlled study was conducted between June 2014 and June 2016 at NILES "National Institute of Laser Enhanced Sciences" Cairo University, Cairo, Egypt. Thirty NSV patients were treated by PRP, Fr: CO2 laser and combined Fr: CO2 laser followed by PRP. Intrapatient lesions were divided randomly into four groups. Each group was treated by one modality. The fourth group served as control. Patients received six sessions with two weeks interval for 3 months and followed up after 3 months. Results: A highly significant reduction in the Vitiligo was demonstrated by Computer Assisted Grid "VACAG" in the group of combined Fr: CO2 laser followed by PRP and in the PRP only group than other groups. These results were confirmed by Mean Improvement Score by Physician (MIPS) and by Visual Analogue Scale (VAS) with no statistical difference between them. Fr: CO2 laser followed by PRP showed minimal side effects. Regardless of the modalities, better improvement was seen in the trunk than the face, extremities and acral lesions with significant reduction in all regions. Face showed maximum response with combined Fr: CO2 laser followed by PRP. Trunk showed uppermost response with PRP. Upper limbs showed highest response with combined Fr: CO2 laser + PRP. Lower limbs showed the highest improvement with Fr: CO2 laser. Conclusion: According to our study combined Fr: CO2 laser + PRP achieved superior re-pigmentation than intradermal (ID) PRP. However, Fr: CO2 alone came in the last rank. Combined ablative Fr: CO2 laser and PRP therapy followed by sun exposure could effectively and safely be used to treat refractory NSV</subfield>
  </datafield>
  <datafield tag="530" ind1=" " ind2=" ">
    <subfield code="a">Issued also as CD</subfield>
  </datafield>
  <datafield tag="653" ind1=" " ind2="4">
    <subfield code="a">Fractional CO2 laser </subfield>
  </datafield>
  <datafield tag="653" ind1=" " ind2="4">
    <subfield code="a">Platelet rich plasma </subfield>
  </datafield>
  <datafield tag="653" ind1=" " ind2="4">
    <subfield code="a">Treatment of vitiligo </subfield>
  </datafield>
  <datafield tag="700" ind1="0" ind2=" ">
    <subfield code="a">Abeer Tawfik Attia , </subfield>
    <subfield code="e">Supervisor</subfield>
  </datafield>
  <datafield tag="700" ind1="0" ind2=" ">
    <subfield code="a">Hisham Aly Shokeir , </subfield>
    <subfield code="e">Supervisor</subfield>
  </datafield>
  <datafield tag="856" ind1=" " ind2=" ">
    <subfield code="u">http://172.23.153.220/th.pdf</subfield>
  </datafield>
  <datafield tag="905" ind1=" " ind2=" ">
    <subfield code="a">Asmaa</subfield>
    <subfield code="e">Cataloger</subfield>
  </datafield>
  <datafield tag="905" ind1=" " ind2=" ">
    <subfield code="a">Nazla</subfield>
    <subfield code="e">Revisor</subfield>
  </datafield>
  <datafield tag="942" ind1=" " ind2=" ">
    <subfield code="2">ddc</subfield>
    <subfield code="c">TH</subfield>
  </datafield>
  <datafield tag="999" ind1=" " ind2=" ">
    <subfield code="c">74936</subfield>
    <subfield code="d">74936</subfield>
  </datafield>
  <datafield tag="952" ind1=" " ind2=" ">
    <subfield code="2">ddc</subfield>
    <subfield code="7">0</subfield>
    <subfield code="a">CUCL</subfield>
    <subfield code="b">cl210</subfield>
    <subfield code="d">2024-02-11</subfield>
    <subfield code="o">Cai01.24.03.Ph.D.2018.Mo.E</subfield>
    <subfield code="p">01010110079761000</subfield>
    <subfield code="r">2023-09-22 00:00:00</subfield>
    <subfield code="y">TH</subfield>
  </datafield>
  <datafield tag="952" ind1=" " ind2=" ">
    <subfield code="2">ddc</subfield>
    <subfield code="7">0</subfield>
    <subfield code="a">CUCL</subfield>
    <subfield code="b">cl2u8</subfield>
    <subfield code="d">2024-02-11</subfield>
    <subfield code="o">Cai01.24.03.Ph.D.2018.Mo.E</subfield>
    <subfield code="p">01020110079761000</subfield>
    <subfield code="r">2023-09-22 00:00:00</subfield>
    <subfield code="t">79761.CD     </subfield>
    <subfield code="y">CD</subfield>
  </datafield>
</record>
